000 00864nam a2200217 a 4500
001 BRCA_8842
005 20190320210431.0
008 120517s1785----it-#######---#000-0#lat-#
041 _alat
044 _ait
084 _aBE224
_b.H46 1785
100 1 _aHenno, Franz
_922027
245 1 0 _aRev. Patr. Fr. Francisci Henno Theologia dogm. moral. et scholast in gratiam & juvamen studios Juventutis franciscana F.F. Minor Recollectorum, Tomus tertus, complectens tractatus de vitiis et virtutibus.
260 _aVenetiis
_bSumpt. Haeredis Nicolai Pezzana
_c1785
300 _a512 p . (t.3)
_c17 x 10 cm.
500 _aSuperiorum permissu, ac Privilegio
500 _aEstado físico: presenta encuadernación en pergamino con cintas rotas y con hojas manchadas
650 1 4 _aTeología doctrinal
_yObras anteriores a 1800
_922028
902 _aCFM
942 _2lcc
_cB
999 _c8493
_d8493